Les femmes, le travail et la famille
Αποθηκεύτηκε σε:
| Κύριος συγγραφέας: | |
|---|---|
| Άλλοι συγγραφείς: | , |
| Μορφή: | Βιβλίο |
| Γλώσσα: | French English |
| Δημοσίευση: |
Paris :
Rivages,
1987.
|
| Σειρά: | Rivages/histoire
|
| Θέματα: | |
| Ετικέτες: |
Προσθήκη ετικέτας
Δεν υπάρχουν, Καταχωρήστε ετικέτα πρώτοι!
|
MARC
| LEADER | 00000cam a2200000 i 4500 | ||
|---|---|---|---|
| 001 | 1/6887 | ||
| 008 | 960717s1987 fr | ||| |||| ||fre|| | ||
| 020 | |a 2869301103 | ||
| 035 | |l 10016512 | ||
| 040 | |a GR-MyUA |b gre |e AACR2 | ||
| 041 | 1 | |a fre |h eng | |
| 082 | 0 | |a 305.4300941 | |
| 100 | 1 | |a Tilly, Louise. | |
| 245 | 1 | 4 | |a Les femmes, le travail et la famille / |c Louise A. Tilly, Joan W. Scott ; traduit par Monique Lebailly. |
| 260 | |a Paris : |b Rivages, |c 1987. | ||
| 300 | |a 268 σ : |b εικ., χαρτ. ; | ||
| 490 | 1 | |a (Rivages/histoire) | |
| 650 | 0 | 0 | |a Women |x Employment |z Great Britain |x History. |
| 650 | 0 | 0 | |a Women |x Employment |z France |x History. |
| 650 | 0 | 0 | |a Work and family |z Great Britain |x History. |
| 650 | 0 | 0 | |a Work and family |z France |x History. |
| 700 | 1 | |a Lebailly, Monique, |e trlf | |
| 700 | 1 | |a Scott, Joan Wallach. | |
| 765 | 0 | 8 | |i Μετάφραση του: |t Women, work and family / |
| 830 | 0 | |a Rivages/histoire | |
| 852 | |a INST |b LESVOS |e 19960717 |h 305.4300941 TIL |p 005100006318 |q 005100006318 |t BK |y 0 | ||
| 909 | |a Λ |b 015314 | ||